000 00690nam a2200241Ia 4500
003 OSt
005 20220927104700.0
006 a|||||r|||| 00| 0
007 ta
008 220926b |||||||| |||| 00| 0 eng d
024 _a147844
037 _cReference Collections
040 _aRTL
_cRTL
_beng
041 _2eng
_aeng
082 _a"X.596.N7, M0/UN"
110 _aORGANISATION FOR ECONOMIC CO-OPERATION AND DEVELOPMENT
245 0 _aNetherlands
260 _c1980
300 _a75p
_ccm.
700 _aORGANISATION FOR ECONOMIC CO-OPERATION AND DEVELOPMENT
942 _h"X.596.N7, M0/UN"
_cCC
999 _c688279
_d688279